| 000 | 00372nam a2200145Ia 4500 | ||
|---|---|---|---|
| 008 | 231217s9999 xx 000 0 und d | ||
| 041 | _aEnglish | ||
| 082 | _a621.38103 GRA;1 R | ||
| 100 | _aGraham, John | ||
| 245 | 0 | _aDictionary of telecommunications | |
| 260 |
_c2001 _bJaico _aMumbai |
||
| 300 | _aix+180 | ||
| 650 | _aDictionary,telecommunications | ||
| 942 | _cAA | ||
| 999 |
_c173837 _d173837 |
||